AK’s General Knowledge A-Z #86 - Statistics

General Stats
  • This quiz has been taken 272 times
  • The average score is 16 of 26
Answer Stats
Hint Answer % Correct
K – Genghis ____ Khan
95%
W – “Mama, oooh; I don't want to die; I sometimes ____ I'd never been born at all …” Wish
91%
B – sport where a ball is rolled toward pins, or Michael Moore’s _______ for Columbine Bowling
90%
C – Arthur _____ Doyle Conan
85%
J – not Dick, not Tarzan Jane
83%
L – flaccid, to walk lamely, or ____ Bizkit Limp
82%
F – 28 days, usually February
80%
O – first name of the wanted man who was killed on May 2, 2011, in Pakistan in Operation Neptune Spear Osama
79%
P – Google ____, or what the mice will do when the cat's away Play
77%
U – UTI is _______ tract infection Urinary
77%
M – the base unit of amount of substance, or a person who involves himself or herself with an enemy organisation to betray its secrets Mole
69%
Y – a native or inhabitant of New England Yankee
68%
D – fantasy tabletop role-playing game made into a movie in 2023 Dungeons & Dragons
67%
I – ______ Gandhi International Airport at Delhi Indira
65%
R – Metallica's “Wherever I May ____”, or to use a network or service from different locations Roam
65%
S – historic country where conjoined twins Chang and Eng Bunker were from Siam
65%
T – modern-day country I'm thinking of now Thailand
63%
A – precedes tree, follows pine Apple
61%
G – is “zielony” in Polish, or Rachel in Friends Green
59%
Q – Bond’s Q is short for _____________ (“kvartersmästare” in Swedish) Quartermaster
47%
N – city with the world’s largest gold storage New York
44%
V – 1993 film Addams Family ______ Values
43%
H – EU country capital that is closest to Wellington, NZ Helsinki
41%
X – abbreviation of the Athens Stock Exchange XA
24%
E – country where “Ossis” came from (or, more likely, where they stayed) East Germany
9%
Z – Czech former javelin thrower Jan Železný
9%
No matching quizzes found
Score Distribution
Percent of People with Each Score
Percentile by Number Answered
Your Score History
You have not taken this quiz